Sefer Ḥazon ʻEzra / (Record no. 33954)
[ view plain ]
| 000 -LEADER | |
|---|---|
| fixed length control field | 00738cam a22002411a 4500 |
| 001 - CONTROL NUMBER | |
| control field | he 68003696 |
| 003 - CONTROL NUMBER IDENTIFIER | |
| control field | DLC |
| 005 - DATE AND TIME OF LATEST TRANSACTION | |
| control field | 20260227111506.0 |
| 008 - FIXED-LENGTH DATA ELEMENTS--GENERAL INFORMATION | |
| fixed length control field | 970326s1968 is b 000 0 hebo |
| 010 ## - LIBRARY OF CONGRESS CONTROL NUMBER | |
| LC control number | he 68003696 |
| 035 ## - SYSTEM CONTROL NUMBER | |
| System control number | (OCoLC)36635740 |
| 040 ## - CATALOGING SOURCE | |
| Original cataloging agency | DLC |
| Transcribing agency | ICU |
| Modifying agency | NNL |
| -- | DLC |
| 042 ## - AUTHENTICATION CODE | |
| Authentication code | premarc |
| 050 00 - LIBRARY OF CONGRESS CALL NUMBER | |
| Classification number | BS1712 |
| Item number | .L5 |
| 130 0# - MAIN ENTRY--UNIFORM TITLE | |
| Uniform title | Bible. |
| Name of part/section of a work | Apocrypha. |
| -- | 2 Esdras III-XIV. |
| Language of a work | Hebrew. |
| Version | Licht. |
| Date of a work | 1968. |
| 245 10 - TITLE STATEMENT | |
| Title | Sefer Ḥazon ʻEzra / |
| Statement of responsibility, etc. | tirgem, piresh ṿe-tsiref mavo Yaʻaḳov Likhṭ. |
| 246 30 - VARYING FORM OF TITLE | |
| Title proper/short title | Ḥazon ʻEzra |
| 260 ## - PUBLICATION, DISTRIBUTION, ETC. | |
| Place of publication, distribution, etc. | Yerushalayim : |
| Name of publisher, distributor, etc. | Mosad Biʼaliḳ, |
| Date of publication, distribution, etc. | 1968. |
| 300 ## - PHYSICAL DESCRIPTION | |
| Extent | 103 p. ; |
| Dimensions | 19 cm. |
| 440 #0 - SERIES STATEMENT/ADDED ENTRY--TITLE | |
| Title | Sifriyat "Dorot" ; |
| Volume/sequential designation | 6 |
| 504 ## - BIBLIOGRAPHY, ETC. NOTE | |
| Bibliography, etc. note | Includes bibliographical references. |
| 700 1# - ADDED ENTRY--PERSONAL NAME | |
| Personal name | Licht, Jacob. |
No items available.